Southville International School and Colleges
Your cart is empty.
  • Cart
  • Lists
    Public lists Eva Luna New books Lux_list list_1
    Your lists Log in to create your own lists
  • Log in to your account
  • Your cookies
  • Search history
Southville International School and Colleges
  • Advanced search
  • Recent comments
  • Most popular
  • Libraries

Log in to your account

Log in with GOOGLE


If you do not have an external account, but do have a local account, you can still log in:

  1. Home
  2. MARC view: Essentials of negotiation /
Normal view MARC view ISBD view

Essentials of negotiation / (Record no. 283792)

[ view plain ]
MARC details
000 -LEADER
fixed length control field 01522cam a22003734a 4500
001 - CONTROL NUMBER
control field 13152357
003 - CONTROL NUMBER IDENTIFIER
control field PILC
005 - DATE AND TIME OF LATEST TRANSACTION
control field 20150319104504.0
008 - FIXED-LENGTH DATA ELEMENTS--GENERAL INFORMATION
fixed length control field 030408s2004 maua b 001 0 eng
010 ## - LIBRARY OF CONGRESS CONTROL NUMBER
LC control number 2003051035
020 ## - INTERNATIONAL STANDARD BOOK NUMBER
International Standard Book Number 0072545828 (pbk. : alk. paper)
040 ## - CATALOGING SOURCE
Original cataloging agency DLC
Transcribing agency DLC
Modifying agency DLC
042 ## - AUTHENTICATION CODE
Authentication code pcc
050 00 - LIBRARY OF CONGRESS CALL NUMBER
Classification number HD 58.6
Item number .L49 2004
082 00 - DEWEY DECIMAL CLASSIFICATION NUMBER
Classification number 658.4/052
100 ## - MAIN ENTRY--PERSONAL NAME
Personal name Lewicki, Roy J.
245 00 - TITLE STATEMENT
Title Essentials of negotiation /
Statement of responsibility, etc Roy J. Lewicki ... [et al.].
250 ## - EDITION STATEMENT
Edition statement 3rd ed.
260 ## - PUBLICATION, DISTRIBUTION, ETC. (IMPRINT)
Place of publication, distribution, etc Boston :
Name of publisher, distributor, etc McGraw-Hill/Irwin,
Date of publication, distribution, etc c2004.
300 ## - PHYSICAL DESCRIPTION
Extent xiv, 274 pages :
Other physical details illustrations ;
Dimensions 23 cm.
500 ## - GENERAL NOTE
General note Rev. ed. of: Essentials of negotiation / Roy J. Lewicki. 2nd ed. c2001.
500 ## - GENERAL NOTE
General note Abridged version of: Negotiation / Roy J. Lewicki ... [et al.]. 4th ed. c2003.
504 ## - BIBLIOGRAPHY, ETC. NOTE
Bibliography, etc Includes bibliographical references (p. 249-268) and index.
650 #0 - SUBJECT ADDED ENTRY--TOPICAL TERM
Topical term or geographic name as entry element Negotiation in business.
650 #0 - SUBJECT ADDED ENTRY--TOPICAL TERM
Topical term or geographic name as entry element Negotiation.
700 1# - ADDED ENTRY--PERSONAL NAME
Personal name Lewicki, Roy J.
700 1# - ADDED ENTRY--PERSONAL NAME
Personal name Lewicki, Roy J.
Title of a work Essentials of negotiation.
730 0# - ADDED ENTRY--UNIFORM TITLE
Uniform title Negotiation.
856 42 - ELECTRONIC LOCATION AND ACCESS
Materials specified Publisher description
Uniform Resource Identifier <a href="http://www.loc.gov/catdir/description/mh031/2003051035.html">http://www.loc.gov/catdir/description/mh031/2003051035.html</a>
856 41 - ELECTRONIC LOCATION AND ACCESS
Materials specified Table of contents
Uniform Resource Identifier <a href="http://www.loc.gov/catdir/toc/mh031/2003051035.html">http://www.loc.gov/catdir/toc/mh031/2003051035.html</a>
906 ## - LOCAL DATA ELEMENT F, LDF (RLIN)
a 7
b cbc
c orignew
d 1
e ocip
f 20
g y-gencatlg
942 ## - ADDED ENTRY ELEMENTS (KOHA)
Source of classification or shelving scheme Library of Congress Classification
Koha item type Books
Holdings
Withdrawn status Lost status Source of classification or shelving scheme Damaged status Home library Current library Shelving location Date acquired Source of acquisition Total Checkouts Full call number Barcode Date last seen Price effective from Koha item type
    Library of Congress Classification   College Library College Library General Circulation Section 03/19/2015 Library Fund   HD 58.6 .L49 2004 C19222 05/15/2018 03/19/2015 Books

Essentials of negotiation /

APA

Lewicki R. J., Lewicki R. J. & Lewicki R. J. (2004). Essentials of negotiation. Boston: McGraw-Hill/Irwin.

Chicago

Lewicki Roy J, Lewicki Roy J and Lewicki Roy J. 2004. Essentials of negotiation. Boston: McGraw-Hill/Irwin.

Harvard

Lewicki R. J., Lewicki R. J. and Lewicki R. J. (2004). Essentials of negotiation. Boston: McGraw-Hill/Irwin.

MLA

Lewicki Roy J, Lewicki Roy J and Lewicki Roy J. Essentials of negotiation. Boston: McGraw-Hill/Irwin. 2004.

  • Place hold
  • Print
  • Cite
  • Add to your cart (remove)
  • Save record
    BIBTEX Dublin Core MARCXML MARC (non-Unicode/MARC-8) MARC (Unicode/UTF-8) MARC (Unicode/UTF-8, Standard) MODS (XML) RIS
  • More searches
    Search for this title in:
    Other Libraries (WorldCat) Other Databases (Google Scholar) Online Stores (Bookfinder.com) Open Library (openlibrary.org)

Exporting to Dublin Core...

SOUTHVILLE LIBRARY

Southville International School and Colleges Library

1281 Tropical Ave. Cor. Luxembourg St., BF Homes International, Las Pinas City

Tel. No. 8256374 / 252358 Loc. 117/146

Powered by Koha